| Registos Bibliográficos associados ao registo de autoridade |
|
Etiqueta de registo: 00000nam 2200025 450 001 2288565 003 http://id.bnportugal.gov.pt/bib/catbnp/2288565 100 ## $a20260623d2026 k y0pory01030103ba 101 0# $apor$deng 102 ## $aPT 105 ## $aa m 000yy 106 ## $ar 200 1# $aMod-City - ludificação cívica para uma urbanidade sustentável$etransmedia como promotora de agenciamento inclusivo na mitigação e adaptação à emergência
climática$fTiago Miguel Montês Pereira Mindrico$gorient. Patrícia Cristina e Silva Figueira Gouveia, Margarida Maria de Araújo Abreu
Vilar de Queirós Vale 210 #9 $aLisboa$c[s.n.],$d2026 215 ## $aXXIV, 338 p.$cil.$d30 cm 328 #1 $aTese dout. Belas-Artes (Arte Multimédia), Faculdade de Belas-Artes, Universidade de
Lisboa, 2026 700 #1 $aMindrico,$bTiago Miguel Montês Pereira$32001346 702 #1 $aGouveia,$bPatrícia$4727$31383914 702 #1 $aVale$bMargarida Maria de Araújo Abreu Vilar de Queirós do$4727$31761076 801 #0 $aPT$bBN$gRPC 966 ## $lBN$mFGMON$x1 971 ## $corlando$d20260623
|
|
|